| 000 | 00889cab a2200277 4500 | ||
|---|---|---|---|
| 001 | ABS55020 | ||
| 008 | 090401t1996 xxu||||| |||| 00| 0 eng d | ||
| 035 | _a(Sirsi) u13638 | ||
| 041 | _aeng | ||
| 100 | _aArmstrong, J. | ||
| 245 | _aCombating noisy neighbours | ||
| 260 | _c1996 | ||
| 350 | _a0 | ||
| 490 |
_aSolicitors` Journal _v140(15) 19 April 1996, 377(1) |
||
| 520 | _aLooks at the provisions of a private members` Bill on noise pollution by nuisance neighbours and considers whether it can make up for deficiencies in the Environmental Protection Act. | ||
| 650 | _aENVIRONMENTAL PROTECTION ACT 1990 | ||
| 650 | _aLAW ENFORCEMENT | ||
| 650 | _aNOISE NUISANCE | ||
| 650 | _aNOISE POLLUTION | ||
| 650 | _aNUISANCE NEIGHBOURS | ||
| 650 | _aSTATUTORY NUISANCE | ||
| 690 | _aENVIRONMENTAL AND LAND CONSULTANCY | ||
| 690 | _aLAW | ||
| 942 | _n0 | ||
| 948 | _c04/03/1997 | ||
| 999 |
_c8780 _d8780 |
||